Score 0/15 Timer 02:00
1 Play Today
Clue 4-Letter Word % Correct
Someone from 13 to 19TEEN
92.3%
A building on a farmBARN
89.9%
Having no clothing onBARE
88.3%
A key component of a baseball diamondBASE
82.4%
Actress Stone of 'The Amazing Spider-Man' or 'Easy A'EMMA
81.5%
The capital of SwitzerlandBERN
79.7%
Stone's role Stacy in 'The Amazing Spider-Man' or singer StefaniGWEN
78.7%
A sea birdTERN
77.6%
Clue 4-Letter Word % Correct
Actor Clive of 'Children of Men'OWEN
73.5%
An event that fortells the futureOMEN
70.7%
Government agents safeguarding US money (hyphenated)T-MEN
64.7%
Freedom or effortlessnessEASE
60.7%
The most famous plus-sized fashion modelEMME
45.2%
To be, in LatinESSE
40.8%
Matriarch of the Cullen vampire family in 'Twilight' or J.D. Salinger's dedicateeESMÉ
40.2%

Today's Daily Dose

Remove Ads.
Support Sporcle.
Get the best of Sporcle when you Go Orange. This ad-free experience offers more features, more stats, and more fun while also helping to support Sporcle. Thank you for becoming a member.

You're not logged in!

Compare scores with friends on all Sporcle quizzes.
OR
Log In

Show Comments

Extras

Top Quizzes Today


Score Distribution

Your Account Isn't Verified!

In order to create a playlist on Sporcle, you need to verify the email address you used during registration. Go to your Sporcle Settings to finish the process.

Report this User

Report this user for behavior that violates our Community Guidelines.

Details: